01833cam a22003375a 450000100090000000300090000900500170001800800410003502000290007604000380010508200230014310000400016624501680020625000200037426400640039430000600045833600260051833700280054433800270057250000260059950400520062552005340067765000340121165100100124565300330125565500170128870000400130594200120134599900170135795201210137417241817EG-ScBUE20241221095942.0120404s2014 enka f b f001 0 eng d a9780521767279 (hardback) aDLCbengerdacDLCdDLCdEG-ScBUE04a520.15195bFEI2221 aFeigelson, Eric D.,eauthor.93826610aModern statistical methods for astronomy :bwith R applications /cEric D. Feigelson, Pennsylvania State University, G. Jogesh Babu, Pennsylvania State University. 3Third printing. 1aCambridge ;aNew York :bCambridge University Press,c2014. axviii, 476 pages :billustrations (some color) ;c26 cm 2rdacontentatextbtxt 2rdamediaaunmediatedbn 2rdacarrieravolumebnc aFirst published 2012. aIncludes bibliographical references and index.  a"Modern astronomical research is beset with a vast range of statistical challenges, ranging from reducing data from megadatasets to characterizing an amazing variety of variable celestial objects or testing astrophysical theory. Yet most astronomers still use a narrow suite of traditional statistical methods. Linking astronomy to the world of modern statistics, this volume is a unique resource, introducing astronomers to advanced statistics through ready-to-use code in the public-domain R statistical software environment"-- 7aStatistical astronomy.2BUEsh 2BUEsh bENGGENcJune2015cAugust2015 vReading book1 aBabu, Gutti Jogesh,d1949-eauthor. 2ddccBB c19552d19524 00102ddc40708BaccahaMAINbMAINc1STd2015-06-10ePurchasel0o520.15195 FEIp000038507r2025-07-15 00:00:00yBB